000 00594nam a2200169 a 4500
001 000031233
005 20200930062805.0
008 110615s2004 dr 000 0 spa d
040 _aDO-SdBNP
_bspa
_cBNPHU
100 1 _aRichard, Pablo
_957702
245 1 4 _aUna visión histórica global y sintética del nuevo testamento: /
_cPablo Richard.
260 _aSanto Domingo :
_bCentro de Investigaciones y Pastoral Bíblica,
_c2004.
300 _a40 p. ;
_c21 cm.
490 1 _aIntroducción a la sagrada escrituras
_v2
830 0 _aIntroducción a la sagrada escrituras
_v2
_957703
049 _aBNPD
999 _c30725
_d30725